| 000 | 01087nam a2200253 i 4500 | ||
|---|---|---|---|
| 001 | 146010 | ||
| 003 | ES-MaACL | ||
| 005 | 20250511122918.0 | ||
| 007 | t| | ||
| 008 | 071018s1972 sp ||||1| spa d | ||
| 080 | _a821.134.2-2"16"(082.2) | ||
| 100 | 1 |
_aVega, Lope de, _d1562-1635 _9113563 |
|
| 245 | 1 | 0 |
_aPeribáñez y el comendador de Ocaña ; Fuenteovejuna ; El caballero de Olmedo ; El mejor alcalde, el Rey / _cLope de Vega. El príncipe constante ; La vida es sueño ; El alcalde de Zalamea ; El mágico prodigioso ; Autos sacramentales escogidos / Calderón ; [presentación J. de Entrambasaguas ; estudio preliminar Manuel Carrión Gútiez]. |
| 260 |
_aBarcelona : _bCarroggio, _c[1972] |
||
| 300 |
_a496 p., 16 lám. ; _c24 cm. |
||
| 650 | 4 |
_aTeatro español- _yS.XVI-XVII. _917350 |
|
| 650 | 1 | 4 |
_a _9239565 |
| 700 | 1 |
_aEntrambasaguas, Joaquín de, _d1904-1995 _947309 |
|
| 700 | 1 |
_aCarrión Gútiez, Manuel. _935810 |
|
| 700 | 1 |
_aCalderón de la Barca, Pedro, _9239594 _d1600-1681 |
|
| 852 | 4 |
_aES-MaACL _jC-49258 |
|
| 942 | _2udc | ||
| 999 |
_c146010 _d146010 |
||